00461nam a2200109Ia 4500008004100000041000800041100002800049245002400077260004200101999001700143952019100160230206s9999 xx 000 0 und d aeng aMurthy E N, Ed.9119276 aTreasury Management c2010bThe ICFAI UniversityaHyderabad c97728d97728 00104070aHIMRbHIMRd2016-11-30eSatya GilanihJan. 2010 to March 2010 (Vol. 11 No.1 to Vol. 11 No. 3)l0o658.155/MUR BV0391pHIMR-BV-391r2023-02-06 00:00:00w2023-02-06yBVzBV0391